<?xml version="1.0" encoding="UTF-8"?>
<record
    xmlns:xsi="http://www.w3.org/2001/XMLSchema-instance"
    xsi:schemaLocation="http://www.loc.gov/MARC21/slim http://www.loc.gov/standards/marcxml/schema/MARC21slim.xsd"
    xmlns="http://www.loc.gov/MARC21/slim">

  <leader>03353cam a22004454i 4500</leader>
  <controlfield tag="003">PE-LiUPU</controlfield>
  <controlfield tag="005">20250731165407.0</controlfield>
  <controlfield tag="008">151014s2014    pe a   grm    000 0 spa d</controlfield>
  <datafield tag="035" ind1=" " ind2=" ">
    <subfield code="a">(Sirsi) a154872</subfield>
  </datafield>
  <datafield tag="040" ind1=" " ind2=" ">
    <subfield code="a">PE-LiUPU</subfield>
    <subfield code="b">spa</subfield>
    <subfield code="c">PE-LiUPU</subfield>
    <subfield code="e">rda</subfield>
  </datafield>
  <datafield tag="099" ind1=" " ind2=" ">
    <subfield code="a">TF 3</subfield>
    <subfield code="b">Q72 2014</subfield>
  </datafield>
  <datafield tag="100" ind1="1" ind2=" ">
    <subfield code="a">Quiroz Soto, Ruth Evelyn</subfield>
    <subfield code="e">autor</subfield>
  </datafield>
  <datafield tag="245" ind1="1" ind2=" ">
    <subfield code="a">Relaci&#xF3;n de satisfacci&#xF3;n marital con inteligencia emocional en c&#xF3;nyuges adventistas del s&#xE9;ptimo d&#xED;a del "Distrito Misionero de Lurin", 2014 /</subfield>
    <subfield code="c">Ruth Evelyn Quiroz Soto.</subfield>
  </datafield>
  <datafield tag="264" ind1=" " ind2="0">
    <subfield code="c">2014.</subfield>
  </datafield>
  <datafield tag="300" ind1=" " ind2=" ">
    <subfield code="a">148 hojas : </subfield>
    <subfield code="b">ilustraciones;</subfield>
    <subfield code="c">30 cm</subfield>
  </datafield>
  <datafield tag="336" ind1=" " ind2=" ">
    <subfield code="a">text</subfield>
    <subfield code="2">rdacontent</subfield>
  </datafield>
  <datafield tag="337" ind1=" " ind2=" ">
    <subfield code="a">unmediated</subfield>
    <subfield code="2">rdamedia</subfield>
  </datafield>
  <datafield tag="338" ind1=" " ind2=" ">
    <subfield code="a">volume</subfield>
    <subfield code="2">rdacarrier</subfield>
  </datafield>
  <datafield tag="502" ind1=" " ind2=" ">
    <subfield code="a">Tesis</subfield>
    <subfield code="b">(Mg.) -- </subfield>
    <subfield code="c">Universidad Peruana Uni&#xF3;n,</subfield>
    <subfield code="d">2014</subfield>
  </datafield>
  <datafield tag="504" ind1=" " ind2=" ">
    <subfield code="a">Incluye referencias</subfield>
  </datafield>
  <datafield tag="520" ind1="3" ind2=" ">
    <subfield code="a">El presente trabajo de investigaci&#xF3;n ha tenido como finalidad conocer la relaci&#xF3;n entre la satisfacci&#xF3;n marital y la inteligencia emocional de los conyuges adventistas del distrito misionero de "Lurin". La investigaci&#xF3;n estableci&#xF3; la relaci&#xF3;n entre la satisfacci&#xF3;n marital y la inteligencia emocional, as&#xED; mismo se relacion&#xF3; la satisfacci&#xF3;n marital (Pick y Andrade, 1988) con las dimensiones de la inteligencia emocional, las cuales fueron: Inteligencia intrapersonal, inteligencia interpersonal, adaptabilidad, manejo del estr&#xE9;s y estados de &#xE1;nimo de c&#xF3;nyuge (ICE de Bar-on 1997). Se aplicaron los instrumentos de medici&#xF3;n como: la Escala de satisfacci&#xF3;n marital de Pick y Andrade, con sus dimensiones de, interacci&#xF3;n marital, aspectos emocionales y aspectos estructurales y organizaciones. El Inventario de Inteligencia emocional de ICE de Bar-on, con sus dimensiones ya antes mencionadas. As&#xED; mismo se consideraron las variables sociodemogr&#xE1;ficas como: sexo, edad, grado de instrucci&#xF3;n, a&#xF1;os de adventista y n&#xFA;meros de hijos.  El dise&#xF1;o de esta investigaci&#xF3;n es transversal correlacional simple, en el que mide y describe las relaciones existentes entre satisfacci&#xF3;n marital e inteligencia emocional. Es transversal porque los instrumento se aplicar&#xE1;n en un momento &#xFA;nico.  Sobre los resultados sometidos a la prueba estad&#xED;stica de Tau_b de Kendall, se aprecia que la Satisfacci&#xF3;n marital  guarda relaci&#xF3;n significativa con inteligencia emocional, hall&#xE1;ndose con un valor calculado donde p=0.000 a un nivel de significativa de 0.01 (bilateral), y un nivel de relaci&#xF3;n de 0.920; lo cual indica que la correlaci&#xF3;n alta. Por lo cual se rechaza la hip&#xF3;tesis nula, se toma la decisi&#xF3;n de aceptar  hip&#xF3;tesis de investigaci&#xF3;n.  Concluyendo que si existe relaci&#xF3;n significativa entre la Satisfacci&#xF3;n marital y la inteligencia emocional en los conyuges adventistas del s&#xE9;ptimo d&#xED;a del Distrito Misionero de "Lurin", 2014.</subfield>
  </datafield>
  <datafield tag="526" ind1=" " ind2=" ">
    <subfield code="a">SEG44</subfield>
  </datafield>
  <datafield tag="526" ind1=" " ind2=" ">
    <subfield code="a">SEG26</subfield>
  </datafield>
  <datafield tag="526" ind1=" " ind2=" ">
    <subfield code="a">P151</subfield>
  </datafield>
  <datafield tag="526" ind1=" " ind2=" ">
    <subfield code="a">P150</subfield>
  </datafield>
  <datafield tag="526" ind1=" " ind2=" ">
    <subfield code="a">P149</subfield>
  </datafield>
  <datafield tag="526" ind1=" " ind2=" ">
    <subfield code="a">P146</subfield>
  </datafield>
  <datafield tag="526" ind1=" " ind2=" ">
    <subfield code="a">P145</subfield>
  </datafield>
  <datafield tag="526" ind1=" " ind2=" ">
    <subfield code="a">P126</subfield>
  </datafield>
  <datafield tag="526" ind1=" " ind2=" ">
    <subfield code="a">P125</subfield>
  </datafield>
  <datafield tag="526" ind1=" " ind2=" ">
    <subfield code="a">P92</subfield>
  </datafield>
  <datafield tag="526" ind1=" " ind2=" ">
    <subfield code="a">P75</subfield>
  </datafield>
  <datafield tag="526" ind1=" " ind2=" ">
    <subfield code="a">P74</subfield>
  </datafield>
  <datafield tag="526" ind1=" " ind2=" ">
    <subfield code="a">P27</subfield>
  </datafield>
  <datafield tag="526" ind1=" " ind2=" ">
    <subfield code="a">P15</subfield>
  </datafield>
  <datafield tag="650" ind1="0" ind2="4">
    <subfield code="a">Matrimonios adventistas</subfield>
    <subfield code="x">Inteligencia emocional</subfield>
    <subfield code="x">Aspectos psicol&#xF3;gicos</subfield>
  </datafield>
  <datafield tag="596" ind1=" " ind2=" ">
    <subfield code="a">1</subfield>
  </datafield>
  <datafield tag="942" ind1=" " ind2=" ">
    <subfield code="2">ddc</subfield>
    <subfield code="c">TESIS</subfield>
  </datafield>
  <datafield tag="999" ind1=" " ind2=" ">
    <subfield code="a">TF 3 Q72 2014</subfield>
    <subfield code="w">ALPHANUM</subfield>
    <subfield code="c">7566</subfield>
    <subfield code="i">T01670</subfield>
    <subfield code="d">7566</subfield>
    <subfield code="l">CCODEBUL3</subfield>
    <subfield code="m">BUL</subfield>
    <subfield code="q">2</subfield>
    <subfield code="r">1</subfield>
    <subfield code="s">Y</subfield>
    <subfield code="t">TESIS</subfield>
    <subfield code="u">2015-10-14</subfield>
    <subfield code="x">POSGRADO</subfield>
    <subfield code="P">P54</subfield>
    <subfield code="o">.STAFF. Tesis</subfield>
  </datafield>
  <datafield tag="980" ind1=" " ind2=" ">
    <subfield code="8">1</subfield>
    <subfield code="g">ALBERTO SANCHEZ Responsable de Automatizaci&#xF3;n</subfield>
  </datafield>
  <datafield tag="952" ind1=" " ind2=" ">
    <subfield code="r">2023-05-23 00:00:00</subfield>
    <subfield code="l">0</subfield>
    <subfield code="o">TF 3 Q72 2014</subfield>
    <subfield code="p">T01670</subfield>
    <subfield code="t">e1</subfield>
    <subfield code="w">2015-10-14</subfield>
    <subfield code="x">PG</subfield>
    <subfield code="y">TESIS</subfield>
    <subfield code="z">Este &#xCD;tem NO se presta por ser Ejemplar #1.</subfield>
    <subfield code="1">0</subfield>
    <subfield code="2">ddc</subfield>
    <subfield code="7">1</subfield>
    <subfield code="8">TESIS</subfield>
    <subfield code="f">P54</subfield>
    <subfield code="a">BUL</subfield>
    <subfield code="b">BUL</subfield>
    <subfield code="c">TESIS</subfield>
    <subfield code="d">2015-10-14</subfield>
  </datafield>
</record>
